[Event "Fénix "]
[Site "SchemingMind.com"]
[Date "2015.11.25"]
[Round "-"]
[White "fouche"]
[Black "David Hartley"]
[Result "0-1"]
[WhiteCountry "COL"]
[BlackCountry "ENG"]
[WhiteElo "1585"]
[WhiteRD "66"]
[BlackElo "1748"]
[BlackRD "67"]
[GameID "390968"]

1. e4 Nf6 2. e5 Nd5 3. d4 Nb6 4. Nf3 d5 5. c4 dxc4 6. Nc3 e6 7. a4 a5 8. Bf4 h6 9. Be2 c5 10. O-O Nc6
11. Nb5 Bd7 12. Rc1 cxd4 13. Nbxd4 Nxd4 14. Nxd4 Bxa4 15. Qd2 Bb4 16. Qe3 Bc5 17. Qg3 g5 18. Be3 Bxd4 19. Bxd4 Qxd4 20. h4 Qxh4
21. Qe3 Nd5 22. Qc5 b6 23. Qa3 Bb5 24. Bxc4 Bxc4 25. Rfe1 Bb5 26. Qb3 Qb4 27. Qc2 O-O 28. Re4 Qe7 29. Qb1 Rfd8 30. Qa2 Ra7
31. Qa1 Rc7 32. Rxc7 Qxc7 33. b3 Rc8
0-1

[Event "Fénix "]
[Site "SchemingMind.com"]
[Date "2015.11.26"]
[Round "-"]
[White "David Hartley"]
[Black "fouche"]
[Result "1-0"]
[WhiteCountry "ENG"]
[BlackCountry "COL"]
[WhiteElo "1756"]
[WhiteRD "70"]
[BlackElo "1608"]
[BlackRD "64"]
[GameID "390969"]

1. Nf3 d5 2. g3 Nf6 3. Bg2 e6 4. c4 c6 5. cxd5 exd5 6. O-O Bd6 7. d4 O-O 8. Nc3 Nbd7 9. Bd2 Re8 10. Re1 Ne4
11. Be3 Ndf6 12. Rc1 Nxc3 13. bxc3 Bf5 14. Bd2 Be4 15. c4 h6 16. e3 Rc8 17. c5 Bc7 18. Bb4 a5 19. Bc3 b5 20. cxb6 Bxb6
21. Nd2 Bxg2 22. Kxg2 Ne4 23. Nxe4 dxe4 24. Rc2 Qg5 25. Rf1 c5 26. Bb2 cxd4 27. Rxc8 Rxc8 28. Bxd4 Bxd4 29. Qxd4 Qf5 30. Qd2 Rc5
31. Ra1 Qf3+ 32. Kg1 Rh5 33. a4 Rh3 34. Qd1 Qf5 35. Kg2 Qh5 36. Qxh5 Rxh5 37. Kf1 Rc5 38. Rd1 Rc4 39. Rd4 Rxd4 40. exd4 f5
41. f3 Kf7 42. fxe4 fxe4 43. Ke2 Ke6 44. Kd2 Kd6 45. Ke3 Kd5 46. g4 g6 47. h4 h5 48. g5 Kc4 49. Kxe4 Kb4 50. d5 Kxa4
51. d6 Kb3 52. d7 a4 53. d8=Q a3 54. Qd4 a2 55. Ke5 Kc2 56. Kf6
1-0

[Event "Fénix "]
[Site "SchemingMind.com"]
[Date "2015.11.30"]
[Round "-"]
[White "fouche"]
[Black "kenneth m day"]
[Result "0-1"]
[WhiteCountry "COL"]
[BlackCountry "USA"]
[WhiteElo "1585"]
[WhiteRD "66"]
[BlackElo "1698"]
[BlackRD "51"]
[GameID "391140"]

1. d4 d5 2. Nf3 Nf6 3. e3 Bg4 4. Bd3 e6 5. O-O Bd6 6. Re1 O-O 7. Nbd2 Nbd7 8. h3 Bh5 9. c4 dxc4 10. Bxc4 a6
11. Qc2 Bg6 12. e4 Be7 13. Bd3 Rc8 14. Nh4 c5 15. Nxg6 fxg6 16. e5 Nd5 17. Qb3 b5 18. dxc5 Nxc5 19. Qc2 Nb4
0-1

[Event "Fénix "]
[Site "SchemingMind.com"]
[Date "2015.11.30"]
[Round "-"]
[White "kenneth m day"]
[Black "fouche"]
[Result "1-0"]
[WhiteCountry "USA"]
[BlackCountry "COL"]
[WhiteElo "1698"]
[WhiteRD "51"]
[BlackElo "1585"]
[BlackRD "66"]
[GameID "391141"]

1. e4 c5 2. d4 cxd4 3. c3 d5 4. e5 Bf5 5. Nf3 dxc3 6. Nxc3 e6 7. Bb5+ Nc6 8. O-O Bb4 9. Bd2 Ne7 10. Nd4 Bg6
11. a3 Ba5 12. Nf3 O-O 13. Rc1 Rc8 14. Bg5 a6 15. Ba4 b5 16. Bc2 Qc7 17. Bxg6 Nxg6 18. Bf4 Nxf4 19. Qc2 Nxe5 20. Nd4 Bxc3
21. Qxc3 Nc4 22. Rfe1 e5 23. Nf3 e4 24. Nd4 Nd3 25. Nf5 Rce8 26. Qxg7#
1-0

[Event "Fénix "]
[Site "SchemingMind.com"]
[Date "2015.11.29"]
[Round "-"]
[White "David Hartley"]
[Black "kenneth m day"]
[Result "1-0"]
[WhiteCountry "ENG"]
[BlackCountry "USA"]
[WhiteElo "1756"]
[WhiteRD "70"]
[BlackElo "1702"]
[BlackRD "51"]
[GameID "391142"]

1. Nf3 d5 2. d4 Nf6 3. c4 dxc4 4. e3 Nc6 5. Bxc4 Bg4 6. Qb3 e6 7. Qxb7 Na5 8. Bb5+ Ke7 9. Qa6 c6 10. Bxc6 Rc8
11. Qxa7+ Qc7 12. Qxc7+ Rxc7 13. Ne5 Bf5 14. Bd2 Nxc6 15. Nxc6+ Rxc6 16. O-O Kd7 17. Nc3 Bb4 18. a3 Ba5 19. b4 Bc7 20. b5 Rb6
21. a4 Ra8 22. Ra2 Rbb8 23. f3 Ba5 24. e4 Bg6 25. Rfa1 Rc8 26. Ne2 Ne8 27. Bxa5 Rxa5 28. Nf4 Nd6 29. Nd3 Nc4 30. Nc5+ Kc7
31. Nb3 Raa8 32. a5 f6 33. Nc5 Bf7 34. b6+ Kd8 35. b7 Rcb8 36. bxa8=Q Rxa8 37. Ra4 Nb2 38. Rb4
1-0

[Event "Fénix "]
[Site "SchemingMind.com"]
[Date "2015.11.29"]
[Round "-"]
[White "kenneth m day"]
[Black "David Hartley"]
[Result "1/2-1/2"]
[WhiteCountry "USA"]
[BlackCountry "ENG"]
[WhiteElo "1698"]
[WhiteRD "51"]
[BlackElo "1748"]
[BlackRD "67"]
[GameID "391143"]

1. e4 Nf6 2. e5 Nd5 3. d4 Nb6 4. c4 d6 5. f4 g6 6. Nc3 Bg7 7. Nf3 O-O 8. Bd3 dxe5 9. fxe5 Nc6 10. Be3 e6
11. h4 h5 12. Qd2 f6 13. O-O-O Qe8 14. exf6 Rxf6 15. Bg5 Rf8 16. Qe3 e5 17. dxe5 Bf5 18. Rhf1 Nxe5 19. Nxe5 Qxe5 20. Qxe5 Bxe5
21. Bxf5 Rxf5 22. c5 Rxf1 23. Rxf1 Bxc3 24. cxb6 Ba5 25. bxc7 Bxc7 26. Re1 Rc8 27. Kb1 Rf8 28. Re7 Rf7 29. Rxf7=
1/2-1/2

[Event "Fénix "]
[Site "SchemingMind.com"]
[Date "2015.12.02"]
[Round "-"]
[White "fouche"]
[Black "Phillip Beckett"]
[Result "1-0"]
[WhiteCountry "COL"]
[BlackCountry "ENG"]
[WhiteElo "1585"]
[WhiteRD "66"]
[BlackElo "1580"]
[BlackRD "48"]
[GameID "391220"]

1. c4 e5 2. Nc3 Nf6 3. d3 d5 4. cxd5 Nxd5 5. Nf3 Nc6 6. g3 Be6 7. Bg2 f6 8. O-O Qd7 9. e4 Nxc3 10. bxc3 O-O-O
11. d4 exd4 12. cxd4 Bg4 13. Be3 Bb4 14. a3 Ba5 15. d5 Ne5 16. Bxa7 Nxf3+ 17. Bxf3 Bxf3 18. Qxf3 b6 19. Rfc1 Kb7 20. Bxb6 Bxb6
21. a4 Ra8 22. d6 Rhc8 23. e5+ Kb8 24. Rcb1 fxe5 25. dxc7+ Qxc7 26. a5 Qc6 27. Rxb6+ Qxb6 28. Qxa8+ Kxa8 29. axb6+ Kb7 30. Ra7+ Kxb6
31. Rxg7 h6 32. Kg2 Rc6 33. Re7
1-0

[Event "Fénix "]
[Site "SchemingMind.com"]
[Date "2015.12.02"]
[Round "-"]
[White "Phillip Beckett"]
[Black "fouche"]
[Result "0-1"]
[WhiteCountry "ENG"]
[BlackCountry "COL"]
[WhiteElo "1580"]
[WhiteRD "48"]
[BlackElo "1585"]
[BlackRD "66"]
[GameID "391221"]

1. e4 c5 2. Nf3 Nc6 3. d4 cxd4 4. Nxd4 Nf6 5. Nc3 e5 6. Ndb5 d6 7. Bg5 a6 8. Na3 b5 9. Bxf6 gxf6 10. Nd5 Bg7
11. c3 O-O 12. Nc2 f5 13. Nce3 fxe4 14. Be2 f5 15. O-O f4 16. Nc2 Be6 17. Ncb4 Nxb4 18. Nxb4 d5 19. a4 Qd7 20. axb5 axb5
21. Rxa8 Rxa8 22. Qc2 Rf8 23. Rd1 d4 24. cxd4 exd4 25. Bf1 Bf5 26. Na2 e3 27. Qb3+ Kh8 28. fxe3 fxe3 29. Qxb5 Qxb5 30. Bxb5 Rb8
31. Bd3 Bxd3 32. Rxd3 Rxb2
0-1

[Event "Fénix "]
[Site "SchemingMind.com"]
[Date "2015.12.01"]
[Round "-"]
[White "David Hartley"]
[Black "Phillip Beckett"]
[Result "1/2-1/2"]
[WhiteCountry "ENG"]
[BlackCountry "ENG"]
[WhiteElo "1748"]
[WhiteRD "67"]
[BlackElo "1580"]
[BlackRD "48"]
[GameID "391222"]

1. d4 d5 2. c4 e6 3. Nc3 Nf6 4. Nf3 Be7 5. Bg5 h6 6. Bxf6 Bxf6 7. e3 c6 8. Rc1 Nd7 9. Bd3 dxc4 10. Bxc4 O-O
11. O-O c5 12. dxc5 Nxc5 13. b4 Qxd1 14. Rfxd1 Nd7 15. Ne4 Be7 16. a3 Nb6 17. Nd6 Bxd6 18. Rxd6 Bd7 19. Be2 Rac8 20. Ra1 Bc6
21. Rd2 Rfd8 22. Rad1 Rxd2 23. Rxd2 Kf8 24. Kf1 Ke8 25. Ke1 Rd8 26. Rxd8+ Kxd8 27. Kd2 a6 28. Kc3 Kc7 29. g3 Nd5+ 30. Kd4 Nf6
31. Nd2 Nd7 32. Ne4 Bxe4 33. Kxe4 Kc6 34. a4 Nf6+ 35. Kd4 Kd6 36. b5 axb5 37. axb5 b6 38. f4 Nd7 39. e4 Nc5 40. e5+ Kc7
41. h3 Nb3+ 42. Kc3 Nc5 43. Kd4 Kb7=
1/2-1/2

[Event "Fénix "]
[Site "SchemingMind.com"]
[Date "2015.12.01"]
[Round "-"]
[White "Phillip Beckett"]
[Black "David Hartley"]
[Result "0-1"]
[WhiteCountry "ENG"]
[BlackCountry "ENG"]
[WhiteElo "1580"]
[WhiteRD "48"]
[BlackElo "1748"]
[BlackRD "67"]
[GameID "391223"]

1. e4 c5 2. Nf3 d6 3. d4 cxd4 4. Nxd4 Nf6 5. Nc3 a6 6. Bg5 e6 7. f4 Be7 8. Qf3 Qc7 9. O-O-O Nc6 10. g4 Nxd4
11. Rxd4 Bd7 12. Rd1 Bc6 13. Bd3 Rc8 14. Bh4 d5 15. Bxf6 dxe4 16. Bxe4 Bxe4 17. Qxe4 Bxf6 18. Rd3 O-O 19. g5 Bxc3 20. Rxc3 Qe7
21. Rxc8 Rxc8 22. h4 Rc7 23. h5 f5 24. gxf6 Qxf6 25. h6 Qf5 26. Qxf5 exf5 27. hxg7 Rxg7 28. Rh5 Rf7 29. Kd2 Kg7 30. Rh3 Kg6
31. Rg3+ Kf6 32. Rb3 Kg6 33. Rb6+ Kh5 34. c4 Kg4 35. Ke3 Re7+ 36. Kf2 Kxf4 37. Rh6 Rd7 38. Ke2 Kg5 39. Rh2 h5 40. Rg2+ Kf4
41. Rf2+ Ke4 42. Rh2 Rh7 43. Rh4+ Ke5 44. Ke3 Kf6 45. Kf4 Kg6 46. Rh2 h4 47. Rd2 Re7 48. Rd6+ Kh5 49. Rd5 Re4+ 50. Kf3 Kg5
51. b3 Rg4 52. Rd7 Rg3+ 53. Kf2 Rc3 54. Rxb7 Rc2+ 55. Ke3 Rxa2 56. Rg7+ Kf6 57. Rh7 Kg5 58. Rg7+ Kh6 59. Rf7 Kg6 60. Rf8 Rb2
61. Ra8 Rxb3+ 62. Kd4 Rb6 63. Rh8 Rf6 64. Rxh4 f4 65. Rh1 Kf7 66. c5 a5 67. Rh7+ Kg6 68. Ra7 f3 69. Rxa5 f2 70. Ra1 Kg5
71. Rf1 Kg4 72. Ke3 Kg3 73. Kd4 Kg2 74. Rc1 Re6 75. Kd5 Re1 76. Rc2 Kf3 77. Rc3+ Kf4 78. Rc4+ Kf5 79. c6 f1=Q 80. c7 Qxc4+
81. Kxc4 Rc1+
0-1

[Event "Fénix "]
[Site "SchemingMind.com"]
[Date "2015.12.01"]
[Round "-"]
[White "Phillip Beckett"]
[Black "kenneth m day"]
[Result "1/2-1/2"]
[WhiteCountry "ENG"]
[BlackCountry "USA"]
[WhiteElo "1580"]
[WhiteRD "48"]
[BlackElo "1698"]
[BlackRD "51"]
[GameID "391224"]

1. e4 e5 2. Nf3 Nc6 3. Bb5 Nf6 4. d3 d6 5. h3 Be7 6. O-O O-O 7. c3 Bd7 8. Nbd2 a6 9. Ba4 b5 10. Bc2 d5
11. exd5 Nxd5 12. Re1 Bd6 13. Ne4 f5 14. Nxd6 cxd6 15. Bb3 Be6 16. d4 e4 17. Ng5 Qd7 18. Nxe6 Qxe6 19. a4 Nce7 20. f3 Qg6
21. fxe4 fxe4 22. Qe2 Kh8 23. Bxd5 Nxd5 24. Qxe4 Qxe4 25. Rxe4 bxa4 26. Be3 Rf6 27. Rxa4 Nc7 28. Rf4 Re6 29. Bf2 g5 30. Rf7 Nd5
31. Bg3 Kg8 32. Rf1 Kg7 33. Rf5 Ne3 34. Rfa5 d5 35. Bf2 Nd1 36. Bg3 Nxb2 37. Ra2 Nd1 38. R2a3 Re3 39. Bf2 Re2 40. Bg3 Ne3
41. Bf2 Nc4 42. Rxa6 Rxa6 43. Rxa6 Rc2 44. Ra7+ Kg6 45. Rd7 Rxc3 46. Rxd5 Nd2 47. Rd6+ Kf5 48. Rd7 Rc1+ 49. Kh2 Nf1+ 50. Kg1 Nd2+
51. Kh2 Nf1+=
1/2-1/2

[Event "Fénix "]
[Site "SchemingMind.com"]
[Date "2015.12.02"]
[Round "-"]
[White "kenneth m day"]
[Black "Phillip Beckett"]
[Result "1-0"]
[WhiteCountry "USA"]
[BlackCountry "ENG"]
[WhiteElo "1713"]
[WhiteRD "53"]
[BlackElo "1586"]
[BlackRD "49"]
[GameID "391225"]

1. e4 e5 2. Nf3 Nc6 3. c3 Nf6 4. d4 exd4 5. e5 Ne4 6. Qe2 Nc5 7. cxd4 Na6 8. Nc3 Be7 9. Qe4 O-O 10. Bd3 d6
11. Qxh7#
1-0

[Event "Fénix "]
[Site "SchemingMind.com"]
[Date "2015.12.05"]
[Round "-"]
[White "fouche"]
[Black "echecs"]
[Result "0-1"]
[WhiteCountry "COL"]
[BlackCountry "ENG"]
[WhiteElo "1608"]
[WhiteRD "64"]
[BlackElo "1846"]
[BlackRD "68"]
[GameID "391326"]

1. d4 d6 2. e4 c6 3. Nf3 Nf6 4. Bd3 g6 5. O-O Bg7 6. Re1 O-O 7. c4 a6 8. Nc3 Bg4 9. Be3 b5 10. h3 Bd7
11. Rc1 b4 12. Ne2 a5 13. b3 Qc8 14. Ng3 Na6 15. Nd2 c5 16. e5 dxe5 17. d5 Rd8 18. Nde4 Ne8 19. f4 Nd6 20. Kh1 Nf5
21. Nxf5 Bxf5 22. Rc2 Qc7 23. g4 Bxe4+ 24. Bxe4 exf4 25. Bf2 Rac8 26. Rce2 Re8 27. h4 Bc3 28. Rf1 Qd7 29. Bf3 Rcd8 30. Kh2 Rf8
31. Kh3 h5 32. Rg1 hxg4+ 33. Bxg4 Qd6 34. h5 g5 35. Be1 Be5 36. a3 f5 37. Bf3 g4+ 38. Bxg4 fxg4+ 39. Kh2 f3+ 40. Bg3 fxe2
41. Qxe2 Bxg3+ 42. Rxg3 Rf3 43. Qxf3 Kh7 44. Qf7+ Kh6 45. axb4 Nxb4 46. Kg2 Nc2 47. Kf1 Qf6+ 48. Qxf6+ exf6 49. Rxg4 Ne3+
0-1

[Event "Fénix "]
[Site "SchemingMind.com"]
[Date "2015.12.07"]
[Round "-"]
[White "echecs"]
[Black "fouche"]
[Result "0-1"]
[WhiteCountry "ENG"]
[BlackCountry "COL"]
[WhiteElo "1846"]
[WhiteRD "68"]
[BlackElo "1608"]
[BlackRD "64"]
[GameID "391327"]

1. e4 c6 2. d4 d5 3. Nc3 dxe4 4. Nxe4 Bf5 5. Ng3 Bg6 6. h4 h6 7. Nf3 e6 8. h5 Bh7 9. Bd3 Bxd3 10. Qxd3 Nf6
11. Ne5 Bb4+ 12. c3 Ba5 13. Bf4 Nbd7 14. Nc4 Bc7 15. Nd6+ Bxd6 16. Bxd6 Nb6 17. Bf4 c5 18. O-O-O c4 19. Qf3 Nbd5 20. Be5 O-O
21. Ne4 Nxe4 22. Qxe4 f6 23. Bg3 Qd7 24. Rhe1 Rae8 25. Bh4 b5 26. a3 a5 27. g4 b4 28. axb4 axb4 29. Kd2 bxc3+ 30. bxc3 Re7
31. Rb1 Kh8 32. Rec1 Qa7 33. Ra1 Qc7 34. Bg3 Qb6 35. Rcb1 Qc6 36. Rb2 f5 37. gxf5 exf5 38. Qh1 f4 39. Bh4 Ree8 40. Qf3 Re3
41. Qh1 Rxc3 42. Ra5 Rd3+ 43. Kc1 f3 44. Rc5 Qe6 45. Rxc4 Ne3 46. Rcb4 Rc8+ 47. Kb1 Rd1+ 48. Qxd1 Nxd1 49. R2b3 Qe4+ 50. Ka2 Qc2+
51. Ka3 Ra8+ 52. Ra4 Rxa4+ 53. Kxa4 Nc3+ 54. Kb4 Nd5+ 55. Ka4 Qa2+ 56. Ra3 Qc4+
0-1

[Event "Fénix "]
[Site "SchemingMind.com"]
[Date "2015.12.06"]
[Round "-"]
[White "echecs"]
[Black "David Hartley"]
[Result "1-0"]
[WhiteCountry "ENG"]
[BlackCountry "ENG"]
[WhiteElo "1903"]
[WhiteRD "67"]
[BlackElo "1741"]
[BlackRD "65"]
[GameID "391328"]

1. e4 c5 2. Nf3 Nc6 3. c3 d5 4. exd5 Qxd5 5. Be2 e5 6. O-O e4 7. Ne1 Nf6 8. d3 exd3 9. Nxd3 Be7 10. Bf3 Qd7
11. Be3 c4 12. Nf4 Qxd1 13. Bxc6+ bxc6 14. Rxd1 Ba6 15. Na3 Bxa3 16. bxa3 O-O 17. Ne2 Nd5 18. Bd2 Rfe8 19. Nd4 Bb5 20. g3 Re7
21. Rab1 a6 22. Be1 Rb8 23. a4
1-0

[Event "Fénix "]
[Site "SchemingMind.com"]
[Date "2015.12.05"]
[Round "-"]
[White "David Hartley"]
[Black "echecs"]
[Result "0-1"]
[WhiteCountry "ENG"]
[BlackCountry "ENG"]
[WhiteElo "1741"]
[WhiteRD "65"]
[BlackElo "1903"]
[BlackRD "67"]
[GameID "391329"]

1. d4 d6 2. Nf3 c6 3. c4 e6 4. Nc3 Nf6 5. e4 Be7 6. Bd3 a6 7. a4 O-O 8. Qc2 g6 9. O-O Nbd7 10. b3 c5
11. d5 Ne5 12. Nxe5 dxe5 13. h3 Nh5 14. Ne2 Bg5 15. f4 exf4 16. Nxf4 Nxf4 17. Bxf4 Re8 18. Qd2 Bxf4 19. Rxf4 Qg5 20. Kh2 exd5
21. cxd5 Qe5
0-1

[Event "Fénix "]
[Site "SchemingMind.com"]
[Date "2015.12.05"]
[Round "-"]
[White "echecs"]
[Black "Phillip Beckett"]
[Result "0-1"]
[WhiteCountry "ENG"]
[BlackCountry "ENG"]
[WhiteElo "1869"]
[WhiteRD "67"]
[BlackElo "1580"]
[BlackRD "48"]
[GameID "391330"]

1. e4 c5 2. Nf3 d6 3. c3 Nc6 4. d4 cxd4 5. cxd4 g6 6. Nc3 Bg7 7. Bb5 Bd7 8. O-O a6 9. Bc4 Nf6 10. Re1 O-O
11. Be3 Rc8 12. Bd3 Nb4 13. Bb1 Nc6 14. a3 b5 15. Bd3 Na5 16. Nd2 Nc6 17. h3 Na5 18. Rc1 Qb6 19. Kh1 Qb8 20. f3 Nc4
21. Bxc4 bxc4 22. Qc2 d5 23. e5 Ne8 24. Nxd5 e6 25. Nc3 Bb5 26. Nde4 Nc7 27. Nd6 Rcd8 28. Nce4 f5 29. Nc5 Nd5 30. Nxe6 Rxd6
31. Nxf8 Rb6 32. Nxg6 hxg6 33. Bf2 Re6 34. Qd1 Nf4 35. Rc3 Nd5 36. Rc1 Qe8 37. Rf1 Bh6 38. Ra1 Be3 39. a4 Bc6 40. Qe2 Bxf2
41. Rxf2 Kf7 42. Qxc4 Qd7 43. Qxa6 Nf4 44. Qc4 Bd5 45. Qc3 Rc6 46. Qd2 g5 47. b4 Rc4 48. b5 Ke6 49. b6 Qh7 50. a5 Nxg2
51. Kxg2 g4 52. hxg4 fxg4 53. Rh1 gxf3+ 54. Kg1 Qg6+ 55. Kh2 Qh7+ 56. Kg1 Qb1+ 57. Kh2 Qh7+ 58. Kg1 Qb1+ 59. Rf1 Qg6+ 60. Kf2 Rc2
61. Qxc2 Qxc2+ 62. Kg3 Qg2+ 63. Kf4 Qd2+ 64. Kg4 Qxd4+ 65. Kg5 Qe3+ 66. Kg4 f2 67. Rxf2 Qxf2 68. Rh6+ Kxe5 69. a6 Qf5+ 70. Kh4 Qf4+
71. Kh5 Bf7+ 72. Rg6 Qf5+ 73. Kh4 Qxg6 74. b7 Qe4+ 75. Kg3 Qf4+ 76. Kg2 Bd5+ 77. Kh3 Bxb7 78. axb7 Qe3+ 79. Kh2 Qb3
0-1

[Event "Fénix "]
[Site "SchemingMind.com"]
[Date "2015.12.05"]
[Round "-"]
[White "Phillip Beckett"]
[Black "echecs"]
[Result "0-1"]
[WhiteCountry "ENG"]
[BlackCountry "ENG"]
[WhiteElo "1586"]
[WhiteRD "49"]
[BlackElo "1903"]
[BlackRD "67"]
[GameID "391331"]

1. e4 e5 2. Nf3 Nc6 3. Bc4 Bc5 4. b4 Bxb4 5. c3 Be7 6. d4 d6 7. Qb3 Be6 8. d5 Na5 9. Qb5+ c6 10. Qa4 b5
11. Bxb5 cxb5 12. Qxb5+ Bd7 13. Qe2 Nf6 14. O-O Nb7 15. Bg5 Nc5 16. Nbd2 O-O 17. Rfb1 h6 18. Bxf6 Bxf6 19. Nb3 Qc7 20. Nxc5 Qxc5
21. Rb7 Qxc3 22. Rab1 Bg4 23. R7b3 Bxf3 24. Qxf3 Qxf3 25. gxf3 Bd8 26. Rb7 Bb6 27. Rd7 Rfd8 28. Rxd8+ Rxd8 29. Kg2 Rc8 30. Rb2 Rc3
31. a4 Ra3 32. Rb4 Ra2 33. Rc4 Bxf2 34. Kh3 Bc5 35. Kg3 Kh7
0-1

[Event "Fénix "]
[Site "SchemingMind.com"]
[Date "2015.12.06"]
[Round "-"]
[White "echecs"]
[Black "kenneth m day"]
[Result "1-0"]
[WhiteCountry "ENG"]
[BlackCountry "USA"]
[WhiteElo "1846"]
[WhiteRD "68"]
[BlackElo "1702"]
[BlackRD "51"]
[GameID "391332"]

1. e4 e5 2. Nf3 Nc6 3. Bc4 Bc5 4. O-O Nf6 5. Nc3 d6 6. Be2 O-O 7. d3 Nd4 8. Nxd4 Bxd4 9. Bg5 h6 10. Bh4 Be6
11. Rb1 c6 12. Kh1 Rc8 13. Bf3 d5 14. exd5 cxd5 15. Ne2 Bc5 16. b4 Be7 17. a3 Re8 18. Bg3 Bd6 19. Re1 Qc7 20. Rc1 Qd7
21. Bh4 Be7 22. Ng1 Rc3 23. Rxe5 Rec8 24. Ne2 Rxa3 25. Nf4 Ra4 26. c3 Ra6 27. Nxe6 fxe6 28. Qe1 Kf7 29. h3 Rcc6 30. b5 Rab6
31. bxc6 Rxc6 32. c4 Rd6 33. c5 Rc6 34. d4 g5 35. Bg3 b6 36. cxb6 axb6 37. Rxc6 Qxc6 38. Qb1 Bd6 39. Re3 Bxg3 40. fxg3
1-0

[Event "Fénix "]
[Site "SchemingMind.com"]
[Date "2015.12.05"]
[Round "-"]
[White "kenneth m day"]
[Black "echecs"]
[Result "0-1"]
[WhiteCountry "USA"]
[BlackCountry "ENG"]
[WhiteElo "1702"]
[WhiteRD "51"]
[BlackElo "1846"]
[BlackRD "68"]
[GameID "391333"]

1. e4 e5 2. f4 exf4 3. Nf3 g5 4. d4 d6 5. g3 g4 6. Nh4 f3 7. Nc3 Be7 8. h3 Bxh4 9. gxh4 Qxh4+ 10. Kd2 Nc6
11. Bb5 Qf2+ 12. Ne2 fxe2 13. Bxc6+ bxc6 14. Qxe2 Qxd4+ 15. Qd3 Qxd3+ 16. Kxd3 h5 17. hxg4 Bxg4 18. Bg5 Ne7 19. Rag1 Ng6 20. Ke3 Kd7
21. Bf6 Rhe8 22. Rf1 Ke6 23. Bc3 Ne5 24. Rhg1 Rab8 25. Rf2 Nc4+ 26. Kf4 Nxb2 27. Kg5 Nc4 28. Rf6+ Ke7 29. Rgf1 Rg8+ 30. Kh4 Rbf8
31. R6f4 Ne3 32. Bf6+ Ke8 33. R1f2 Bd1 34. c3 Ng2+ 35. Rxg2 Rxg2
0-1

[Event "Fénix "]
[Site "SchemingMind.com"]
[Date "2015.12.04"]
[Round "-"]
[White "fouche"]
[Black "mmccaffe"]
[Result "0-1"]
[WhiteCountry "COL"]
[BlackCountry "USA"]
[WhiteElo "1639"]
[WhiteRD "64"]
[BlackElo "1651"]
[BlackRD "76"]
[GameID "391395"]

1. e4 e6 2. d4 d5 3. Nc3 Bb4 4. exd5 exd5 5. Nf3 Nf6 6. Bd2 O-O 7. Be2 Bg4 8. O-O c5 9. dxc5 Bxc5 10. h3 Be6
11. a3 d4 12. Nb5 a6 13. Nbxd4 Bxd4 14. Bb4 Bxf2+ 15. Rxf2 Re8 16. Qd3 Qc7 17. Rd1 Nc6 18. Qc3 Rac8 19. Qe1 Nxb4 20. axb4 Qb6
21. Kf1 Rxc2 22. Nd4 Rxb2 23. Nxe6 Qxe6 24. Rd2 Rxd2 25. Qxd2 Ne4 26. Qf4 Nxf2 27. Qxf2 Qxe2+ 28. Qxe2 Rxe2 29. Kxe2 Kf8 30. Kd3 Ke7
31. g4 Kd6 32. Kd4 g5 33. Ke4 b6 34. Kf5 a5 35. bxa5 bxa5 36. Kf6 a4 37. Kxf7 a3 38. Kf6 a2 39. Kxg5 a1=Q 40. Kh6 Ke6
41. g5 Qh1 42. Kxh7 Qxh3+ 43. Kg7 Qh5 44. g6 Kf5
0-1

[Event "Fénix "]
[Site "SchemingMind.com"]
[Date "2015.12.04"]
[Round "-"]
[White "mmccaffe"]
[Black "fouche"]
[Result "0-1"]
[WhiteCountry "USA"]
[BlackCountry "COL"]
[WhiteElo "1637"]
[WhiteRD "76"]
[BlackElo "1608"]
[BlackRD "64"]
[GameID "391396"]

1. d4 Nf6 2. c4 c5 3. d5 e5 4. g3 d6 5. Bg2 Na6 6. e4 Nc7 7. Ne2 Bd7 8. Nbc3 a6 9. O-O Rb8 10. f4 b5
11. b3 bxc4 12. bxc4 g6 13. fxe5 dxe5 14. Ba3 Bd6 15. Qd2 O-O 16. Rf2 Kg7 17. Raf1 Ng4 18. Rf3 f5 19. Bh3 h5 20. exf5 Bxf5
21. Bxg4 hxg4 22. R3f2 Ne8 23. Na4 Qc8 24. Qa5 Nf6 25. Bxc5 Bxc5 26. Qxc5 Ne4 27. Qxc8 Rfxc8 28. Rxf5 gxf5 29. Rxf5 Rxc4 30. Rxe5 Rxa4
0-1

[Event "Fénix "]
[Site "SchemingMind.com"]
[Date "2015.12.06"]
[Round "-"]
[White "echecs"]
[Black "mmccaffe"]
[Result "1-0"]
[WhiteCountry "ENG"]
[BlackCountry "USA"]
[WhiteElo "1869"]
[WhiteRD "67"]
[BlackElo "1642"]
[BlackRD "71"]
[GameID "391397"]

1. e4 e6 2. d4 d5 3. e5 c5 4. c3 Nc6 5. Nf3 Qb6 6. b3 Bd7 7. Be2 Rc8 8. O-O cxd4 9. cxd4 Nb4 10. Na3 Nh6
11. Bb2 Be7 12. Qd2 O-O 13. Rfc1 f6 14. Nc2 Nxc2 15. Rxc2 Rxc2 16. Qxc2 Rc8 17. Qd2 Nf5 18. g4 Nh6 19. exf6 Bf8 20. g5 Nf7
21. Kh1 Rc6 22. Rg1 g6 23. Nh4 Bb4 24. Qd3 Qc7 25. Nxg6
1-0

[Event "Fénix "]
[Site "SchemingMind.com"]
[Date "2015.12.05"]
[Round "-"]
[White "mmccaffe"]
[Black "echecs"]
[Result "0-1"]
[WhiteCountry "USA"]
[BlackCountry "ENG"]
[WhiteElo "1651"]
[WhiteRD "76"]
[BlackElo "1793"]
[BlackRD "64"]
[GameID "391398"]

1. d4 d6 2. c4 c6 3. Nc3 Nf6 4. Nf3 a6 5. g3 g6 6. Bg2 Bg7 7. O-O O-O 8. e4 e6 9. Be3 b5 10. Qd3 Nbd7
11. Rfd1 Bb7 12. b3 d5 13. cxd5 cxd5 14. e5 Ne8 15. Rac1 Nb8 16. a4 b4 17. Nb1 a5 18. Rc2 Ba6 19. Qd2 Nd7 20. Rdc1 Rc8
21. Rxc8 Bxc8 22. Qc2 Ba6 23. Bf1 Bxf1 24. Kxf1 f6 25. exf6 Ndxf6 26. Nbd2 Ng4 27. Bg5 Bf6 28. Bxf6 Qxf6 29. Kg2 Nd6 30. Qd3 Qf5
31. Qxf5 Nxf5 32. h3 Nf6 33. Rc6 Ng7 34. Ng5 Re8 35. Rc5 h6 36. Ngf3 Ra8 37. Ne5 g5 38. Kf3 Nf5 39. Nc6 Kg7 40. Rxa5 Rxa5
41. Nxa5 Nxd4+ 42. Kg2 Kg6 43. Nf3 Nc2 44. Nc6 Ne4 45. Ne1 Nxe1+
0-1

[Event "Fénix "]
[Site "SchemingMind.com"]
[Date "2015.12.04"]
[Round "-"]
[White "David Hartley"]
[Black "mmccaffe"]
[Result "1-0"]
[WhiteCountry "ENG"]
[BlackCountry "USA"]
[WhiteElo "1748"]
[WhiteRD "67"]
[BlackElo "1642"]
[BlackRD "71"]
[GameID "391399"]

1. d4 d5 2. Nf3 Nf6 3. c4 e6 4. Nc3 Bb4 5. e3 O-O 6. Bd3 c5 7. O-O Nc6 8. dxc5 Bxc5 9. cxd5 Nxd5 10. Nxd5 exd5
11. Qc2 Bb6 12. Bxh7+ Kh8 13. Bf5 Qf6 14. Bxc8 Raxc8 15. Qb3 d4 16. exd4 Bxd4 17. Rb1 g6 18. Be3 Be5 19. Nxe5 Nxe5 20. Qxb7 Kg7
21. Qxa7 Rh8 22. f4 Qh4 23. fxe5 Qxh2+ 24. Kf2 Rc2+ 25. Ke1 Qxg2 26. Qxf7#
1-0

[Event "Fénix "]
[Site "SchemingMind.com"]
[Date "2015.12.04"]
[Round "-"]
[White "mmccaffe"]
[Black "David Hartley"]
[Result "0-1"]
[WhiteCountry "USA"]
[BlackCountry "ENG"]
[WhiteElo "1651"]
[WhiteRD "76"]
[BlackElo "1750"]
[BlackRD "71"]
[GameID "391400"]

1. d4 Nf6 2. c4 g6 3. Nc3 Bg7 4. Nf3 e6 5. g3 d5 6. cxd5 exd5 7. Bg2 Nbd7 8. O-O Nb6 9. b3 O-O 10. Bb2 c6
11. e3 Bf5 12. Rc1 Re8 13. Ne5 Nbd7 14. f4 Qb6 15. Na4 Qd8 16. Nc5 Nxc5 17. Rxc5 Nd7 18. Nxd7 Qxd7 19. Qd2 Rac8 20. Rfc1 Be4
21. Bxe4 Rxe4 22. b4 Rce8 23. Kf2 Qe7 24. Re1 Qd7 25. Kg2 R8e6 26. Kf2 Qe7 27. b5 cxb5 28. Rxd5 a6 29. Rc5 Qe8 30. Qc1 Rc6
31. Rxc6 bxc6 32. Qc5 Re6 33. Bc3 Bf8 34. Qg5 Bg7 35. f5 gxf5 36. d5 Rg6 37. Qxf5 Bxc3
0-1

[Event "Fénix "]
[Site "SchemingMind.com"]
[Date "2015.12.04"]
[Round "-"]
[White "mmccaffe"]
[Black "Phillip Beckett"]
[Result "1/2-1/2"]
[WhiteCountry "USA"]
[BlackCountry "ENG"]
[WhiteElo "1701"]
[WhiteRD "75"]
[BlackElo "1586"]
[BlackRD "49"]
[GameID "391401"]

1. d4 d5 2. c4 e6 3. Nc3 Nf6 4. Bg5 Be7 5. e3 h6 6. Bh4 O-O 7. Nf3 Ne4 8. Bxe7 Qxe7 9. Bd3 Nxc3 10. bxc3 dxc4
11. Bxc4 Nd7 12. O-O c5 13. Qb3 cxd4 14. cxd4 Nb6 15. Be2 Bd7 16. Rfc1 Rfc8 17. Ne5 Rxc1+ 18. Rxc1 Rc8 19. Rxc8+ Bxc8 20. Qc3 Qd8
21. Bf3 Nd7 22. Qb4 Nxe5 23. dxe5 Qc7 24. Qd6 Qc1+ 25. Qd1 Qxd1+ 26. Bxd1 b6 27. Kf1 Ba6+ 28. Ke1 Kf8 29. Kd2 Ke7 30. Kc3 Bb7
31. g3 Kd7 32. Kb4=
1/2-1/2